[Event "Hoogeveen Open 2016"]
[Site "Hoogeveen"]
[Date "2016.10.15"]
[Round "1.17"]
[White "Van der Raaf, Erik"]
[Black "Valdes Romero, Leonardo"]
[Result "0-1"]
[BlackElo "2391"]
[WhiteElo "2117"]
[LiveChessVersion "1.4.8"]

1. e4 {[%clk 1:30:56]} d6 {[%clk 1:29:40]} 2. d4 {[%clk 1:31:09]} Nf6
{[%clk 1:30:05]} 3. Nc3 {[%clk 1:31:18]} g6 {[%clk 1:30:30]} 4. f4
{[%clk 1:31:05]} Bg7 {[%clk 1:30:53]} 5. Nf3 {[%clk 1:31:24]} O-O
{[%clk 1:31:03]} 6. Be3 {[%clk 1:31:19]} b6 {[%clk 1:31:25]} 7. e5
{[%clk 1:29:12]} Ng4 {[%clk 1:30:58]} 8. Bg1 {[%clk 1:28:50]} Bb7
{[%clk 1:24:37]} 9. h3 {[%clk 1:13:04]} Nh6 {[%clk 1:24:57]} 10. Bd3
{[%clk 0:53:48]} c5 {[%clk 1:21:17]} 11. d5 {[%clk 0:46:30]} e6 {[%clk 1:12:27]}
12. dxe6 {[%clk 0:43:31]} fxe6 {[%clk 1:11:10]} 13. Qe2 {[%clk 0:28:44]} d5
{[%clk 0:44:46]} 14. O-O-O {[%clk 0:20:36]} Rxf4 {[%clk 0:43:19]} 15. Be3
{[%clk 0:14:02]} Rf8 {[%clk 0:39:12]} 16. Bg5 {[%clk 0:09:57]} Qe8
{[%clk 0:35:07]} 17. Bb5 {[%clk 0:03:57]} Nc6 {[%clk 0:35:07]} 18. Rhe1
{[%clk 0:02:48]} a6 {[%clk 0:32:22]} 19. Bxc6 {[%clk 0:03:09]} Qxc6
{[%clk 0:30:54]} 20. Qd2 {[%clk 0:03:13]} Nf5 {[%clk 0:30:12]} 21. Bf4
{[%clk 0:02:11]} b5 {[%clk 0:28:50]} 22. Kb1 {[%clk 0:02:12]} b4 {[%clk 0:26:29]}
23. Ne2 {[%clk 0:02:34]} d4 {[%clk 0:26:46]} 24. Ng3 {[%clk 0:02:09]} Nxg3
{[%clk 0:22:13]} 25. Bxg3 {[%clk 0:02:34]} Rae8 {[%clk 0:22:33]} 26. Re2
{[%clk 0:02:35]} a5 {[%clk 0:17:49]} 27. Rde1 {[%clk 0:02:57]} a4
{[%clk 0:17:59]} 28. Bf4 {[%clk 0:02:08]} Qa6 {[%clk 0:15:58]} 29. Ng5
{[%clk 0:02:06]} a3 {[%clk 0:12:24]} 30. b3 {[%clk 0:02:16]} h6 {[%clk 0:04:43]}
31. Ne4 {[%clk 0:01:52]} Bxe4 {[%clk 0:05:08]} 32. Rxe4 {[%clk 0:02:19]} g5
{[%clk 0:05:31]} 33. Bg3 {[%clk 0:02:33]} Rf1 {[%clk 0:04:46]} 34. h4
{[%clk 0:02:51]} Rxe1+ {[%clk 0:04:52]} 35. Bxe1 {[%clk 0:02:30]} gxh4
{[%clk 0:04:41]} 36. Rxh4 {[%clk 0:01:53]} Rf8 {[%clk 0:03:32]} 37. Kc1
{[%clk 0:01:39]} Qf1 {[%clk 0:03:33]} 38. Kd1 {[%clk 0:01:53]} Rf5
{[%clk 0:03:05]} 39. Re4 {[%clk 0:01:34]} Rg5 {[%clk 0:03:04]} 40. Re2
{[%clk 0:01:19]} Qh1 {[%clk 0:02:38]} 41. Qd3 {[%clk 0:23:55]} Qh5
{[%clk 0:31:08]} 42. Kd2 {[%clk 0:19:30]} Rxe5 {[%clk 0:29:58]} 43. Rxe5
{[%clk 0:19:13]} Qxe5 {[%clk 0:28:19]} 44. Qg3 {[%clk 0:17:07]} Qf5
{[%clk 0:26:24]} 45. Qf3 {[%clk 0:14:42]} Qxf3 {[%clk 0:21:49]} 46. gxf3
{[%clk 0:15:07]} e5 {[%clk 0:22:15]} 47. Kd3 {[%clk 0:15:21]} Kf7
{[%clk 0:22:40]} 48. Kc4 {[%clk 0:15:19]} Ke6 {[%clk 0:22:56]} 49. Kxc5
{[%clk 0:15:27]} Bf8+ {[%clk 0:23:21]} 50. Kc4 {[%clk 0:15:26]} h5
{[%clk 0:21:32]} 51. Bg3 {[%clk 0:13:08]} Be7 {[%clk 0:21:30]} 52. f4
{[%clk 0:13:14]} exf4 {[%clk 0:12:37]} 53. Bxf4 {[%clk 0:13:31]} h4
{[%clk 0:13:01]} 54. Kxd4 {[%clk 0:12:37]} h3 {[%clk 0:13:25]} 55. Bh2
{[%clk 0:10:41]} Bd6 {[%clk 0:13:29]} 56. Bg1 {[%clk 0:11:04]} Kf5
{[%clk 0:13:09]} 57. Kd3 {[%clk 0:10:40]} Kg4 {[%clk 0:11:25]} 58. Ke2
{[%clk 0:10:10]} Kg3 {[%clk 0:11:29]} 59. Kf1 {[%clk 0:10:12]} Kf3
{[%clk 0:11:42]} 0-1

[Event "Hoogeveen Open"]
[Site "Hoogeveen, Netherlands"]
[Date "2016.10.15"]
[Round "1.19"]
[White "Boersma, Jan"]
[WhiteElo "2099"]
[Black "Harsha Bharathakoti"]
[BlackElo "2363"]
[Result "0-1"]

1. d4 d5 2. Nf3 Nf6 3. Bf4 c5 4. e3 Nc6 5. Nbd2 Qb6 6. dxc5 Qxb2 7. Rb1 Qc3 8.
Bb5 Qxc5 9. O-O Bd7 10. Bd3 Nd8 11. Nb3 Qc8 12. Nfd4 e6 13. Be5 Be7 14. Qf3 O-O
15. g4 Nc6 16. Nxc6 Bxc6 17. Nd4 Ne4 18. Qh3 f6 19. Bg3 g6 20. Bxe4 dxe4 21. g5
Bd7 22. Qh4 f5 23. Bf4 Rd8 24. Qg3 Be8 25. h4 Rd5 26. c4 Rd8 27. Rfc1 b6 28.
Nb5 Bxb5 29. cxb5 Bc5 30. Be5 Rd5 31. a4 Qe8 32. Bf6 Bd6 33. Qh3 Rc8 34. Rxc8
Qxc8 35. h5 Qe8 36. hxg6 Qxg6 37. Rc1 Rc5 38. Rxc5 Bxc5 39. Qg3 Bf8 40. Bd4 h6
41. gxh6 Qxg3+ 42. fxg3 Bxh6 43. a5 bxa5 44. Bxa7 Bf8 45. Bb8 a4 46. b6 a3 47.
b7 a2 48. Be5 Bd6 0-1

[Event "Hoogeveen Open"]
[Site "Hoogeveen, Netherlands"]
[Date "2016.10.15"]
[Round "1.20"]
[White "Kerigan, Demre"]
[Black "Klomp, Robert"]
[Result "1-0"]
[WhiteElo "2362"]
[BlackElo "2097"]
[PlyCount "59"]
[EventDate "2016.??.??"]

1. e4 e6 2. d4 d5 3. Nd2 Nf6 4. e5 Nfd7 5. Bd3 c5 6. c3 Nc6 7. Ngf3 cxd4 8.
cxd4 Qb6 9. O-O f6 10. exf6 Nxf6 11. Re1 Bd7 12. Nb3 Bd6 13. Ne5 Qc7 14. Qe2
O-O 15. Nxd7 Nxd7 16. Qxe6+ Kh8 17. Qh3 Nf6 18. Bg5 h6 19. Re6 Ng8 20. Bd2 Bf4
21. Qg4 Bxd2 22. Nxd2 Nf6 23. Qg6 Nxd4 24. Rxf6 gxf6 25. Qxh6+ Kg8 26. Re1 Rf7
27. Re3 Rg7 28. Qxf6 Nc6 29. Bf5 Nd8 30. Re8# 1-0

[Event "Hoogeveen Open"]
[Site "Hoogeveen, Netherlands"]
[Date "2016.10.15"]
[Round "1.21"]
[White "Elgersma, Simon"]
[Black "Van Foreest, Lucas"]
[Result "1/2-1/2"]
[WhiteElo "2084"]
[BlackElo "2350"]
[PlyCount "67"]
[EventDate "2016.??.??"]

1. e4 e5 2. Nf3 Nc6 3. Bb5 a6 4. Ba4 Nf6 5. d3 b5 6. Bb3 Bc5 7. Nc3 d6 8. Nd5
Nxd5 9. Bxd5 Bd7 10. Ng5 Qf6 11. O-O h6 12. Qh5 g6 13. Qf3 Qxf3 14. Nxf3 Rc8
15. Be3 Bxe3 16. fxe3 O-O 17. c3 Ne7 18. Bb3 c5 19. d4 c4 20. Bc2 Nc6 21. Rad1
Rfd8 22. Rf2 Be8 23. h3 Kg7 24. Nh2 Nb8 25. Ng4 Nd7 26. dxe5 Nxe5 27. Nh2 Kf8
28. Rfd2 Ke7 29. Nf3 Nc6 30. Nd4 Ne5 31. Nf3 Nc6 32. Nd4 Ne5 33. Nf3 Bc6 34.
Kf2 1/2-1/2

[Event "Hoogeveen Open"]
[Site "Hoogeveen, Netherlands"]
[Date "2016.10.15"]
[Round "1.22"]
[White "Slingerland, Fred"]
[WhiteElo "2344"]
[Black "Eck, Mathias"]
[BlackElo "2082"]
[Result "1-0"]

1. e4 e5 2. Nf3 Nc6 3. Nc3 Nf6 4. d4 exd4 5. Nxd4 d6 6. Bb5 Bd7 7. O-O Be7 8.
Re1 Nxd4 9. Qxd4 O-O 10. Bxd7 Qxd7 11. Bf4 Nh5 12. Be3 Bf6 13. Qd2 Bxc3 14.
Qxc3 Qc6 15. Qxc6 bxc6 16. Rad1 Rfe8 17. Rd4 Nf6 18. f3 c5 19. Ra4 Nd7 20. b3
Reb8 21. Bd2 f6 22. Bc3 Kf7 23. f4 Nb6 24. Ra5 Re8 25. Kf2 Re7 26. Kf3 Ke6 27.
e5 fxe5 28. fxe5 Kd7 29. exd6 Rf7+ 30. Kg3 cxd6 31. Re4 Kc6 32. Bd2 Rd8 33. c4
Rdd7 34. Be3 Rde7 35. Rxe7 Rxe7 36. Kf3 Kb7 37. h3 Nd7 38. Ke2 a6 39. Kd2 Ne5
40. Bf4 Nc6 41. Ra4 Rf7 42. g3 Rf6 43. Kd3 Re6 44. a3 a5 45. Bd2 Rg6 46. g4 Kb6
47. g5 Re6 48. b4 axb4 49. axb4 Ne5+ 50. Kc3 cxb4+ 51. Rxb4+ Kc7 52. Ra4 Kb7
53. Be3 Nc6 54. Kd3 h6 55. gxh6 gxh6 56. Bf4 Ne7 57. Ra5 Ng6 58. Bg3 Ne5+ 59.
Bxe5 dxe5 60. Ke4 Rd6 61. Kxe5 Kc6 62. Ra3 Rg6 63. Rf3 {Rest unreadable} 1-0

[Event "Hoogeveen Open"]
[Site "Hoogeveen, Netherlands"]
[Date "2016.10.15"]
[Round "1.23"]
[White "Bekedam, Tyro"]
[WhiteElo "2069"]
[Black "De Jong, Migchiel"]
[BlackElo "2330"]
[Result "1/2-1/2"]

1. e4 e6 2. d4 d5 3. Nc3 Bb4 4. e5 Ne7 5. Qg4 c5 6. a3 Qa5 7. Bd2 cxd4 8. Qxd4
Nbc6 9. Qg4 d4 10. Nb1 Qxe5+ 11. Be2 Bd6 12. Nf3 Qf5 13. Qxf5 Nxf5 14. O-O e5
15. Re1 O-O 16. Bb5 Re8 17. Bxc6 bxc6 18. g4 Ne7 19. Nxe5 c5 20. h3 Be6 21. b3
Rab8 22. a4 Ng6 23. Nxg6 hxg6 24. Na3 d3 25. Nb5 Bf8 26. Bf4 Rb7 27. cxd3 Rd8
28. Re3 Bxb3 29. Be5 a6 30. Nc3 f6 31. Bg3 Rbd7 32. Rb1 Bc2 33. Rb6 Bxd3 34. a5
Ra8 35. g5 fxg5 36. Re5 Bf5 37. Nd5 Rad8 38. Nc3 Bd6 39. Rd5 Bxg3 40. Rxd7 Rxd7
41. fxg3 Bd3 42. Rc6 Re7 43. Nd5 Re1+ 44. Kf2 Re2+ 45. Kf3 Re5 46. Rxc5 Be4+
47. Ke3 Rxd5 48. Rc8+ Kh7 49. Kxe4 Rxa5 50. Kf3 Ra3+ 51. Kg2 g4 52. h4 Ra2+ 53.
Kg1 a5 54. Ra8 a4 55. Kh1 a3 56. Kg1 g5 57. h5 g6 58. h6 Kxh6 59. Ra7 Ra1+ 60.
Kh2 Re1 61. Rxa3 Re2+ 62. Kg1 Kg7 63. Ra6 Kf7 64. Kf1 Rd2 65. Rb6 Rd3 66. Kg2
Re3 67. Kf2 Rf3+ 68. Kg2 Rf6 69. Rxf6+ Kxf6 70. Kf2 Kf5 71. Kf1 Ke5 72. Ke1 Kd5
73. Kd1 Kc5 1/2-1/2

[Event "Hoogeveen Open"]
[Site "Hoogeveen, Netherlands"]
[Date "2016.10.15"]
[Round "1.24"]
[White "Okkes, Menno"]
[WhiteElo "2322"]
[Black "Van der Veen, Jan"]
[BlackElo "2059"]
[Result "1/2-1/2"]

1. c4 Nf6 2. g3 g6 3. Bg2 Bg7 4. d4 O-O 5. Nf3 d6 6. O-O c6 7. Nc3 Qb6 8. b3 e5
9. dxe5 dxe5 10. e4 Bg4 11. Qc2 Bxf3 12. Bxf3 Nbd7 13. Na4 Qc7 14. c5 Rfd8 15.
Bg5 Nf8 16. Bxf6 Bxf6 17. Bg4 h5 18. Bh3 Rd4 19. Rad1 Rad8 20. Rxd4 Rxd4 21.
Rd1 Rd8 22. Rxd8 Bxd8 23. Nb2 b5 24. cxb6 axb6 25. Nd3 Be7 26. a4 Nh7 27. Bg2
Nf8 28. Qc3 Bd6 29. Bh3 Nh7 30. Bg2 Nf8 31. Bh3 Nh7 32. Bg2 1/2-1/2

[Event "Hoogeveen Open"]
[Site "Hoogeveen, Netherlands"]
[Date "2016.10.15"]
[Round "1.25"]
[White "Henseler, Jorgen"]
[Black "Schoppen, Casper"]
[Result "1/2-1/2"]
[WhiteElo "2053"]
[BlackElo "2304"]
[PlyCount "53"]
[EventDate "2016.??.??"]

1. e4 e5 2. Nf3 Nc6 3. Bc4 Nf6 4. Ng5 d5 5. exd5 Na5 6. Bb5+ c6 7. dxc6 bxc6 8.
Bd3 Nd5 9. h4 Be7 10. Qf3 Bxg5 11. hxg5 Qxg5 12. Rh5 Qe7 13. b3 g6 14. Ba3 Qe6
15. Rh4 f5 16. Nc3 Bd7 17. O-O-O O-O-O 18. Ra4 Nb7 19. Ba6 Nc7 20. Bc4 Qf6 21.
Rxa7 Kb8 22. Qe3 Bc8 23. Qb6 Na8 24. Qa6 Nc7 25. Qb6 Na8 26. Qa6 Nc7 27. Qb6
1/2-1/2

[Event "Hoogeveen Open"]
[Site "Hoogeveen, Netherlands"]
[Date "2016.10.15"]
[Round "1.26"]
[White "Colijn, Stefan"]
[WhiteElo "2293"]
[Black "Dushyant Sharma"]
[BlackElo "2039"]
[Result "1-0"]

1. c4 Nf6 2. g3 e6 3. Bg2 d5 4. Nf3 Be7 5. O-O O-O 6. d4 dxc4 7. Qc2 c5 8. dxc5
Bxc5 9. Rd1 Qb6 10. e3 Nc6 11. Nbd2 Nb4 12. Qxc4 Bd7 13. a3 Nbd5 14. Nb3 Rac8
15. Nxc5 Rxc5 16. Qd4 Qc7 17. Ne5 Nc3 18. bxc3 Rxe5 19. a4 Rc5 20. Ba3 Rc4 21.
Qxa7 Rxa4 22. Qxb7 Qxc3 23. Bb2 Rxa1 24. Rxa1 Qc8 25. Qb4 Qc2 26. Bxf6 gxf6 27.
Qd4 Bc6 28. Qxf6 Bxg2 29. Kxg2 Qg6 30. Qf4 Kg7 31. Ra4 f5 32. Qe5+ Kg8 33. Ra6
Re8 34. Ra7 h6 35. h4 h5 36. Kh2 Qh6 37. Rb7 Qg6 38. Qf4 e5 39. Qg5 Qxg5 40.
hxg5 Rc8 41. Rb5 Re8 42. Kh3 Kg7 43. Kh4 Kf7 44. f4 exf4 45. Rxf5+ Kg7 46. exf4
Re3 47. Ra5 Rc3 48. Kxh5 Rxg3 49. Ra7+ Kf8 50. f5 Rb3 51. Kg6 Rb8 52. f6 Kg8
53. Rg7+ Kf8 54. Rh7 1-0

[Event "Hoogeveen Open"]
[Site "Hoogeveen, Netherlands"]
[Date "2016.10.15"]
[Round "1.27"]
[White "Bos, Robin"]
[Black "Van Osch, Mees"]
[Result "0-1"]
[WhiteElo "2025"]
[BlackElo "2288"]
[PlyCount "50"]
[EventDate "2016.??.??"]

1. e4 e6 2. d4 d5 3. Nd2 Nc6 4. c3 e5 5. exd5 Qxd5 6. Qf3 Qxf3 7. Ngxf3 exd4 8.
cxd4 Be6 9. Bc4 Bxc4 10. Nxc4 Bb4+ 11. Ke2 Rd8 12. Rd1 Nf6 13. Be3 O-O 14. Rac1
Nd5 15. a3 Bd6 16. Nxd6 Rxd6 17. Ne5 Nce7 18. Rc4 Nf5 19. g4 Nfxe3 20. fxe3 f6
21. Rc5 c6 22. Nc4 Re6 23. Ra5 b5 24. Nd2 Nxe3 25. Rg1 Nc4+ 0-1

[Event "Hoogeveen Open"]
[Site "Hoogeveen, Netherlands"]
[Date "2016.10.15"]
[Round "1.28"]
[White "Strating, Sybolt"]
[WhiteElo "2276"]
[Black "De Boer, Eelke"]
[BlackElo "2018"]
[Result "1-0"]

1. d4 Nf6 2. c4 g6 3. Nc3 Bg7 4. g3 O-O 5. Bg2 d6 6. Nf3 Nc6 7. O-O a6 8. Re1
Rb8 9. Rb1 e5 10. dxe5 dxe5 11. Bg5 Be6 12. Nd5 Bxd5 13. cxd5 Qxd5 14. Qxd5
Nxd5 15. Nxe5 Bxe5 16. Bxd5 Kg7 17. Bxc6 bxc6 18. Rec1 Bxb2 19. Rxc6 Be5 20.
Rxb8 Rxb8 21. Rxa6 Rb2 22. Kf1 c5 23. Rc6 Rxa2 24. Rxc5 Bf6 25. Bxf6+ Kxf6 26.
g4 Ra4 27. h3 h6 28. Kg2 Re4 29. Kf3 Ra4 30. e3 Ke6 31. Rc6+ Ke7 32. h4 Ra5 33.
Rc4 Ke6 34. Rc8 Kf6 35. Rd8 Ra4 36. Rd6+ Ke7 37. Rd4 Ra1 38. Rd5 Ra4 39. h5 Ke6
40. Rb5 Kf6 41. Rb6+ Kg5 42. hxg6 fxg6 43. Rd6 Rb4 44. Rd5+ Kf6 45. Kg3 Ke6 46.
Rd8 Kf6 47. Rd6+ Kf7 48. Rd7+ Kg8 49. f4 Rb1 50. f5 Rg1+ 51. Kf4 Rf1+ 52. Ke5
h5 53. f6 hxg4 54. Rg7+ Kf8 55. Rxg6 Rf3 56. e4 g3 57. Ke6 Ra3 58. e5 Ra6+ 59.
Kf5 Ra3 60. Kf4 Kf7 61. Rxg3 1-0

[Event "Hoogeveen Open"]
[Site "Hoogeveen, Netherlands"]
[Date "2016.10.15"]
[Round "1.29"]
[White "Hilwerda, Jonas"]
[Black "Buckels, Valentin"]
[Result "0-1"]
[WhiteElo "2013"]
[BlackElo "2273"]
[PlyCount "96"]
[EventDate "2016.??.??"]

1. e4 e5 2. Nf3 Nc6 3. d4 exd4 4. Nxd4 Nf6 5. Nxc6 bxc6 6. e5 Qe7 7. Qe2 Nd5 8.
c4 Ba6 9. b3 O-O-O 10. Qe4 Nf6 11. Qe2 Re8 12. exf6 Qd8 13. Bb2 gxf6 14. Nc3 f5
15. O-O-O Rxe2 16. Nxe2 Rg8 17. g3 Bb7 18. Bg2 c5 19. Bxb7+ Kxb7 20. Kb1 d6 21.
Rhe1 Bh6 22. f4 Re8 23. Nc3 Bg7 24. Na4 Bxb2 25. Kxb2 Qf6+ 26. Nc3 Re6 27. Kc2
Qh6 28. Rxe6 fxe6 29. Rd2 Kc6 30. Re2 Kd7 31. Rd2 Qg7 32. Na4 Ke7 33. Nc3 a6
34. Re2 Qd4 35. Rd2 Qg1 36. Re2 Kd7 37. Nd1 h5 38. Nb2 Qa1 39. a4 Qf1 40. Rd2
h4 41. Nd3 hxg3 42. hxg3 Qg1 43. Rd1 Qe3 44. Rh1 Qxg3 45. Rh7+ Kc8 46. Rh8+ Kb7
47. Re8 Qg2+ 48. Kc3 Qg6 0-1

[Event "Hoogeveen Open"]
[Site "Hoogeveen, Netherlands"]
[Date "2016.10.15"]
[Round "1.30"]
[White "Vrolijk, Liam"]
[Black "Hummel, Joop"]
[Result "1-0"]
[WhiteElo "2265"]
[BlackElo "2007"]
[PlyCount "55"]
[EventDate "2016.??.??"]

1. d4 Nf6 2. c4 g6 3. Nc3 Bg7 4. e4 d6 5. f3 O-O 6. Nge2 e5 7. d5 c6 8. Be3
cxd5 9. cxd5 Nbd7 10. Qd2 Nc5 11. O-O-O Bd7 12. Kb1 b5 13. Nc1 b4 14. N3e2 Qb8
15. g4 Ncxe4 16. fxe4 Nxe4 17. Qd3 Bxg4 18. Bg2 Nf6 19. Rhf1 Bf5 20. Rxf5 gxf5
21. Qxf5 Qc8 22. Ng3 Ng4 23. Bd2 a5 24. Rg1 Nf6 25. Qg5 Qg4 26. Qxg4 Nxg4 27.
Nf5 Nf6 28. Bh3 1-0

[Event "Hoogeveen Open"]
[Site "Hoogeveen, Netherlands"]
[Date "2016.10.15"]
[Round "1.31"]
[White "Van Dael, Siem"]
[Black "Bunyatov, Rustam"]
[Result "0-1"]
[WhiteElo "1995"]
[BlackElo "2249"]
[PlyCount "48"]
[EventDate "2016.??.??"]

1. e4 c5 2. Nf3 d6 3. d4 cxd4 4. Nxd4 Nf6 5. Nc3 g6 6. Be3 Bg7 7. f3 a6 8. Qd2
Nbd7 9. O-O-O b5 10. g4 Nb6 11. g5 Nfd7 12. h4 Bb7 13. a3 Ne5 14. b3 Rc8 15.
Bh3 Nxf3 16. Bxc8 Nxd2 17. Bxb7 Ndc4 18. bxc4 Nxc4 19. Bc6+ Kf8 20. Rdf1 Qa5
21. Rxf7+ Kxf7 22. Rf1+ Bf6 23. Bd2 Qxa3+ 24. Kd1 Qa1+ 0-1

[Event "Hoogeveen Open"]
[Site "Hoogeveen, Netherlands"]
[Date "2016.10.15"]
[Round "1.32"]
[White "Rakesh Kumar Jena"]
[WhiteElo "2247"]
[Black "Wedda, Dries"]
[BlackElo "1994"]
[Result "1-0"]

1. e4 c5 2. Nf3 d6 3. c3 Nf6 4. Be2 Nc6 5. d4 Bg4 6. d5 Bxf3 7. gxf3 Nb8 8. Bg5
Nbd7 9. a4 e5 10. dxe6 fxe6 11. Qb3 d5 12. exd5 exd5 13. Qxb7 Qb8 14. Qxb8+
Rxb8 15. Bb5 Bd6 16. Bxf6 gxf6 17. Na3 a6 18. Bc6 Rxb2 19. O-O-O Rb3 20. Rhe1+
Kd8 21. Rxd5 Kc7 22. Bxd7 Rhb8 23. Re6 Bf4+ 24. Kc2 Rxa3 25. Rc6+ Kd8 26. Rxf6
Ra2+ 27. Kd3 Rd2+ 28. Kc4 Rxd5 29. Kxd5 Bxh2 30. Bf5 Ke7 31. Rxa6 Rf8 32. Ra7+
Kf6 33. Bxh7 Bg1 34. Be4 Rd8+ 35. Kc4 Bxf2 36. a5 Ke6 37. a6 Rd6 38. Rh7 1-0

[Event "Hoogeveen Open"]
[Site "Hoogeveen, Netherlands"]
[Date "2016.10.15"]
[Round "1.33"]
[White "Bensaid, Simon"]
[WhiteElo "1983"]
[Black "Heemskerk, Wim"]
[BlackElo "2243"]
[Result "0-1"]

1. e4 e6 2. d4 d5 3. Nc3 Bb4 4. e5 c5 5. a3 Bxc3+ 6. bxc3 Qa5 7. Bd2 Qa4 8. Qb1
c4 9. g3 Nc6 10. Bh3 Bd7 11. f4 O-O-O 12. Nf3 Nge7 13. O-O h6 14. Ra2 Rdg8 15.
Qe1 Kb8 16. Qe2 Ka8 17. Rb1 Bc8 18. Kh1 Qa5 19. a4 Qd8 20. Rb5 Nf5 21. Be1 g5
22. g4 Nfe7 23. fxg5 hxg5 24. Bg2 Ng6 25. Bg3 Nf4 26. Qd2 f6 27. Bxf4 gxf4 28.
Qxf4 fxe5 29. dxe5 Qe8 30. Rb1 $11 Qg6 31. g5 Rf8 32. Qg3 Ne7 33. Rg1 Rh5 34.
Bh3 Qe4 35. Bg2 Nf5 36. Qf2 Qf4 37. Bf1 Nh4 38. Qxh4 Rxh4 39. Nxh4 Qxh4 40. g6
Rg8 41. g7 Qe4+ 0-1

[Event "Hoogeveen Open"]
[Site "Hoogeveen, Netherlands"]
[Date "2016.10.15"]
[Round "1.34"]
[White "Mager, Denis"]
[Black "Mesman, Edwyn"]
[Result "1-0"]
[WhiteElo "2224"]
[BlackElo "1979"]
[PlyCount "51"]
[EventDate "2016.??.??"]

1. c4 Nf6 2. Nc3 g6 3. d4 Bg7 4. e4 d6 5. Be2 O-O 6. g4 e5 7. d5 Na6 8. g5 Ne8
9. h4 f5 10. gxf6 Qxf6 11. Be3 h6 12. Qd2 Kh7 13. O-O-O c6 14. Nh3 Bxh3 15.
Rxh3 Nac7 16. Rg1 c5 17. Rhg3 Qf7 18. Qd1 Nf6 19. Qf1 Rg8 20. f4 exf4 21. Qxf4
Nce8 22. Bg4 Qe7 23. Bd1 Bf8 24. Rxg6 Rxg6 25. Qf5 Ng4 26. h5 1-0

[Event "Hoogeveen Open"]
[Site "Hoogeveen, Netherlands"]
[Date "2016.10.15"]
[Round "1.35"]
[White "Kouwenhoven, Derk"]
[WhiteElo "1964"]
[Black "Grant, Jonathan I M"]
[BlackElo "2223"]
[Result "1-0"]

1. e4 c6 2. d4 d5 3. e5 Bf5 4. Nf3 e6 5. Be2 Nd7 6. O-O Bg6 7. c3 Nh6 8. Bxh6
gxh6 9. Qd2 Bg7 10. Na3 O-O 11. Bd3 f6 12. Rae1 fxe5 13. Nxe5 Nxe5 14. dxe5 Qc7
15. f4 Bxd3 16. Qxd3 Qb6+ 17. Kh1 Qxb2 18. Nc2 Qb6 19. Nd4 Rae8 20. Qh3 c5 21.
Rb1 Rxf4 22. Rg1 Qa6 23. Nb5 Re7 24. Qe3 Ref7 25. Nd6 Rf8 26. Qh3 Qe2 27. Qxe6+
Kh8 28. Qxd5 Bxe5 29. Rxb7 Qh5 30. h3 Rf2 31. Qd3 Qg6 32. Qxg6 hxg6 33. Nc4
Bxc3 34. Rxa7 R2f4 35. Ne3 Rd8 36. Rb1 h5 37. Nd5 Rc4 38. Nxc3 Rxc3 39. Rbb7 c4
40. a4 Rcd3 41. Rc7 c3 42. a5 g5 43. Kh2 g4 44. hxg4 hxg4 45. a6 R3d6 46. Rxc3
Rg8 47. Kg3 Rgd8 48. Ra3 Rd3+ 49. Rxd3 Rxd3+ 50. Kxg4 Ra3 51. g3 Ra5 52. Kf4
Kg8 53. g4 Kh8 54. g5 Kg8 55. Kg4 Ra1 56. Kf5 Kf8 57. Kg6 {Black lost on time}
1-0

[Event "Hoogeveen Open"]
[Site "Hoogeveen, Netherlands"]
[Date "2016.10.15"]
[Round "1.37"]
[White "Van Randtwijk, Mick"]
[WhiteElo "1932"]
[Black "Otte, Marijn"]
[BlackElo "2213"]
[Result "1/2-1/2"]

1. e4 c5 2. Nf3 a6 3. Nc3 d6 4. d4 cxd4 5. Nxd4 Nf6 6. Be3 e6 7. Be2 Be7 8. O-O
O-O 9. f4 Nc6 10. Kh1 Bd7 11. Bd3 b5 12. Rf3 b4 13. Nce2 e5 14. Nxc6 Bxc6 15.
Ng3 Ng4 16. Bg1 exf4 17. Rxf4 Ne5 18. Bd4 Bg5 19. Rf1 g6 20. a3 a5 21. axb4
axb4 22. Rxa8 Qxa8 23. Qe1 Qb7 24. Be3 Bh4 25. Bh6 Re8 26. Rf4 Bd8 27. Ne2 d5
28. Nd4 Nxd3 29. cxd3 dxe4 30. Nxc6 Qxc6 31. Rxe4 Rxe4 32. dxe4 Qc2 33. Qa1
Qxe4 34. b3 Bf6 35. Qc1 Bc3 36. h3 Qe1+ 37. Qxe1 Bxe1 38. Kg1 f6 39. Kf1 Bc3
40. Be3 Kf7 41. Ke2 Ke6 42. Kf3 Kd5 43. g3 Ke5 44. Bb6 Bd4 45. Bc7+ Kd5 46. Bd8
f5 47. Bg5 Bc3 48. Be3 Ke5 49. Bb6 $11 Bd4 50. Bc7+ Kd5 51. Bd8 Bc3 52. Bb6 Be5
53. Be3 Bd6 54. h4 Be7 55. Bf2 h6 56. Bb6 g5 57. hxg5 hxg5 58. Be3 Ke5 59. Bb6
g4+ 60. Ke3 Bd6 61. Bd8 Ke6 62. Bh4 Kd5 63. Kd3 f4 64. gxf4 Bxf4 65. Be1 Bd6
66. Ke3 Ke5 67. Kf2 Ke4 68. Kg2 Be7 69. Kg3 Kf5 70. Bd2 Bc5 71. Be1 Bd6+ 72.
Kg2 Ke4 73. Bd2 Kd3 74. Bxb4 Bxb4 75. Kg3 1/2-1/2

[Event "Hoogeveen Open"]
[Site "Hoogeveen, Netherlands"]
[Date "2016.10.15"]
[Round "1.38"]
[White "Vedder, Richard"]
[Black "Bruggink, Tycho"]
[Result "1-0"]
[WhiteElo "2205"]
[BlackElo "1895"]
[PlyCount "61"]
[EventDate "2016.??.??"]

1. e4 e5 2. Nf3 Nc6 3. Bb5 a6 4. Ba4 Nf6 5. O-O Be7 6. Re1 b5 7. Bb3 d6 8. c3
O-O 9. h3 Na5 10. Bc2 c5 11. d4 exd4 12. cxd4 Nd7 13. Nc3 Bb7 14. Bf4 b4 15.
Nd5 Bxd5 16. exd5 Nb7 17. dxc5 Ndxc5 18. Nd4 Bf6 19. Nc6 Qd7 20. Nxb4 Bxb2 21.
Nc6 Bf6 22. Rb1 Rfe8 23. Rxe8+ Rxe8 24. Qf3 Qc7 25. Bg3 Qc8 26. h4 Be5 27. h5
Bxg3 28. Qxg3 h6 29. Rb4 Re1+ 30. Kh2 Rc1 31. Ne7+ 1-0

[Event "Hoogeveen Open"]
[Site "Hoogeveen, Netherlands"]
[Date "2016.10.15"]
[Round "1.39"]
[White "Den Dunnen, Lola"]
[WhiteElo "1890"]
[Black "De Graaf, Dick"]
[BlackElo "2195"]
[Result "0-1"]

1. d4 c5 2. d5 e5 3. c4 d6 4. Nc3 f5 5. e4 Nf6 6. Bg5 Be7 7. Bxf6 Bxf6 8. Bd3
f4 9. Be2 O-O 10. Bg4 Na6 11. Bxc8 Rxc8 12. Nf3 Nc7 13. a4 Na6 14. O-O Qd7 15.
Ne1 Bd8 16. a5 Rf6 17. Nb5 Ra8 18. f3 Rh6 19. Nd3 Bh4 20. Qd2 Qf7 21. b4 cxb4
22. Nxb4 Nc5 23. Ra3 a6 24. Nc3 Qh5 25. h3 Rc8 26. Nd3 Bd8 27. Rb1 Rg6 28. Kh1
Qg5 29. Ne1 Qg3 30. Na4 Nxe4 31. Qb2 Nf2+ 32. Kg1 Nxh3+ 33. Kf1 Bxa5 34. Nc3
Bxc3 35. Rxc3 Qh2 36. Qxb7 Rf8 37. Rb6 Qg1+ 38. Ke2 Qf2+ 39. Kd1 Qd4+ 40. Kc2
Qf2+ 41. Kd1 Ng5 42. Qxa6 e4 43. Rxd6 Nxf3 44. Rxf3 exf3 45. gxf3 Rg1 46. Re6
Rb8 47. Qa1 Qxf3+ 48. Kd2 Qb3 49. Qe5 Qa2+ 50. Kd3 Rb3+ 51. Kd4 Qa7+ 52. Ke4
Rxe1+ 53. Kxf4 Qf2+ 0-1

[Event "Hoogeveen Open"]
[Site "Hoogeveen, Netherlands"]
[Date "2016.10.15"]
[Round "1.40"]
[White "Vroombout, Enrico"]
[Black "Taams, Sander"]
[Result "0-1"]
[WhiteElo "2190"]
[BlackElo "1857"]
[PlyCount "50"]
[EventDate "2016.??.??"]

1. e4 c5 2. Nf3 d6 3. d4 cxd4 4. Nxd4 Nf6 5. Nc3 a6 6. Bg5 Nbd7 7. Qe2 b5 8.
O-O-O Bb7 9. a3 Rc8 10. Nd5 h6 11. Bxf6 Nxf6 12. Nxf6+ gxf6 13. f4 Qc7 14. g3
e6 15. Bh3 h5 16. Rhe1 h4 17. Bg4 Qc4 18. Rd3 hxg3 19. hxg3 Rh2 20. Qxh2 Qxd3
21. Rd1 Qxe4 22. Kb1 Qg2 23. Qh5 Rc5 24. f5 e5 25. Ne6 Rxc2 0-1

[Event "Hoogeveen Open 2016"]
[Site "Hoogeveen"]
[Date "2016.10.16"]
[Round "2.1"]
[White "Gupta, Abhijeet"]
[Black "Kerigan, Demre"]
[Result "1-0"]
[BlackElo "2362"]
[WhiteElo "2626"]
[LiveChessVersion "1.4.8"]

1. d4 {[%clk 1:30:54]} Nf6 {[%clk 1:30:44]} 2. c4 {[%clk 1:31:18]} g6
{[%clk 1:31:02]} 3. Nc3 {[%clk 1:31:36]} Bg7 {[%clk 1:31:20]} 4. e4
{[%clk 1:32:00]} d6 {[%clk 1:31:38]} 5. f3 {[%clk 1:32:24]} c6 {[%clk 1:31:32]}
6. Be3 {[%clk 1:32:00]} Nbd7 {[%clk 1:30:13]} 7. Qd2 {[%clk 1:31:53]} a6
{[%clk 1:29:46]} 8. O-O-O {[%clk 1:30:27]} Qa5 {[%clk 1:27:21]} 9. Kb1
{[%clk 1:29:07]} b5 {[%clk 1:23:15]} 10. g4 {[%clk 1:20:02]} O-O {[%clk 1:11:15]}
11. Bh6 {[%clk 1:09:32]} Bxh6 {[%clk 0:57:12]} 12. Qxh6 {[%clk 1:09:55]} bxc4
{[%clk 0:56:17]} 13. h4 {[%clk 1:07:58]} Rb8 {[%clk 0:54:51]} 14. Nge2
{[%clk 1:07:25]} c5 {[%clk 0:46:26]} 15. Qd2 {[%clk 1:02:39]} cxd4
{[%clk 0:37:49]} 16. Nxd4 {[%clk 1:03:04]} Ne5 {[%clk 0:36:36]} 17. Ka1
{[%clk 1:02:08]} Bd7 {[%clk 0:21:17]} 18. h5 {[%clk 1:00:48]} Qb6
{[%clk 0:15:52]} 19. g5 {[%clk 0:40:28]} Nxh5 {[%clk 0:12:51]} 20. Nd5
{[%clk 0:40:49]} Qc5 {[%clk 0:11:06]} 21. Nxe7+ {[%clk 0:37:02]} Kh8
{[%clk 0:10:35]} 22. Nd5 {[%clk 0:36:57]} Be6 {[%clk 0:08:52]} 23. Nf6
{[%clk 0:31:39]} Nd3 24. Nxe6 {[%clk 0:27:49]} fxe6 {[%clk 0:02:51]} 25. Bxd3
{[%clk 0:27:26]} Nxf6 {[%clk 0:02:28]} 26. Bxc4 {[%clk 0:11:08]} Qxc4
{[%clk 0:01:06]} 27. gxf6 {[%clk 0:11:34]} Rxf6 {[%clk 0:00:55]} 28. Rc1
{[%clk 0:09:10]} Qb5 {[%clk 0:00:34]} 29. Rc7 {[%clk 0:09:21]} Rxf3
{[%clk 0:00:37]} 30. Rhxh7+ {[%clk 0:09:24]} Kg8 {[%clk 0:00:59]} 31. Rh8+
{[%clk 0:09:48]} 1-0